|
|
|
|
| LEADER |
00000nkm a2200000 a 4500 |
| 001 |
vtls011784800 |
| 003 |
SK-MaSNL |
| 005 |
20260512123040.0 |
| 007 |
kp ao |
| 008 |
230718q1905 xo 0k|hun |
| 015 |
|
|
|a SNBG
|
| 035 |
|
|
|a urn:nbn:sk:snk-km00dpj4
|
| 035 |
|
|
|a urn:nbn:sk:snk-km3lxrl
|
| 035 |
|
|
|a D13473EB-7282-47D5-97F4-A29C84DA95F0
|
| 040 |
|
|
|a SNK
|b slo
|c SNK
|e AACR2
|
| 041 |
0 |
|
|a hun
|
| 043 |
|
|
|a e-xo---
|
| 044 |
|
|
|a xo
|c SK
|
| 072 |
|
7 |
|a 913
|x Regionálna geografia
|2 konspekt
|
| 080 |
|
|
|a 913(437.6)
|2 2011
|
| 080 |
|
|
|a (084.121)
|2 2011
|
| 080 |
|
|
|a 728.81
|2 2011
|
| 245 |
0 |
0 |
|a Üdvőzlet Léváról
|h grafika
|b Várrom
|
| 260 |
|
|
|a [Levice]
|b Schulcz Ignácz
|c [medzi 1905 a 1930?]
|
| 300 |
|
|
|a 1 pohľadnica
|b tónovaná do zelena
|c 9 x 14 cm
|
| 520 |
8 |
|
|a Zobrazenie: pohľad na ulicu pod hradom v popredí stoja 2 osoby
|
| 610 |
2 |
7 |
|a Levický hrad (Levice, Slovensko)
|2 SNKKA
|9 165031
|
| 650 |
0 |
7 |
|a hrady
|2 SNKPH
|9 3039
|
| 651 |
|
7 |
|a Levoča (Slovensko)
|2 SNKPHgeo
|9 26696
|
| 655 |
|
7 |
|a miestne pohľadnice
|2 SNKPH
|9 70510
|
| 852 |
|
|
|a Slovenská národná knižnica
|
| 954 |
|
|
|a pohľadnice pôvodné (slovenské)
|2 lita
|
| 958 |
|
|
|a OND
|
| 958 |
|
|
|a GBN
|
| 958 |
|
|
|a GC
|
| 958 |
|
|
|a EUIPO
|
| 999 |
|
|
|c 688908
|d 690838
|
| 952 |
|
|
|a SNK
|b SNK
|y PREZ
|7 0
|p 17A1232346
|o snkSP 7184
|0 0
|1 0
|4 0
|d 2018-10-12
|f 1
|l 0
|r 2026-02-23 20:20:08
|w 2026-02-23
|